Obras completas / (Record no. 114543)

MARC details
000 -LEADER
campo de control de longitud fija 01468nam a2200301 i 4500
001 - NÚMERO DE CONTROL
campo de control 114543
003 - IDENTIFICADOR DE NÚMERO DE CONTROL
campo de control ES-MaACL
005 - FECHA Y HORA DE LA ÚLTIMA TRANSACCIÓN
campo de control 20250819000537.0
007 - CAMPO FIJO DE DESCRIPCIÓN FÍSICA--INFORMACIÓN GENERAL
campo de control de longitud fija t|
008 - DATOS DE LONGITUD FIJA--INFORMACIÓN GENERAL
campo de control de longitud fija 070308m19901996sp |||| |dspa d
020 ## - NÚMERO INTERNACIONAL ESTÁNDAR DEL LIBRO
Número Internacional Estándar del Libro 84-7719-236-7
080 ## - NÚMERO DE LA CLASIFICACIÓN DECIMAL UNIVERSAL
Número de la Clasificación Decimal Universal 821.134.2 Huerga, Cipriano de la 1.07
080 ## - NÚMERO DE LA CLASIFICACIÓN DECIMAL UNIVERSAL
Número de la Clasificación Decimal Universal 141.7
100 1# - ENTRADA PRINCIPAL--NOMBRE DE PERSONA
Nombre de persona Huerga, Cipriano de la.
9 (RLIN) 64544
245 10 - MENCIÓN DEL TÍTULO
Título Obras completas /
Mención de responsabilidad, etc. Cipriano de la Huerga ; [dirección y coordinación, Gaspar Morocho Gayo].
260 ## - PUBLICACIÓN, DISTRIBUCIÓN, ETC.
Lugar de publicación, distribución, etc. León :
Nombre del editor, distribuidor, etc. Universidad de León,
Fecha de publicación, distribución, etc. 1990-1996.
300 ## - DESCRIPCIÓN FÍSICA
Extensión 9 v. ;
Dimensiones 25 cm.
490 1# - MENCIÓN DE SERIE
Mención de serie Humanistas españoles
505 8# - NOTA DE CONTENIDO CON FORMATO
Nota de contenido con formato Contiene: 1. Prolégomenos y testimonios literarios ; El sermón de los pendones - 2. Comentarios al Libro de Job (1ª parte) - 3. Comentarios al Libro de Job (2ª parte) - 4. Comentario al Salmo XXXVIII, comentario al Salmo CXXX - 5. Comentario al Cantar de los cantares (1ª parte) - 6. Comentario al Cantar de los cantares (2ª parte) - 7. Comentario al profeta Nahum - 8. Competencia de la hormiga con el hombre ; Cartas ; Pareceres - 9. Estudio monográfico colectivo
600 14 - PUNTO DE ACCESO ADICIONAL DE MATERIA--NOMBRE DE PERSONA
Nombre de persona Huerga, Cipriano de la-
Subdivisión general Crítica e interpretación.
9 (RLIN) 64545
630 04 - PUNTO DE ACCESO ADICIONAL DE MATERIA--TÍTULO UNIFORME
Título uniforme Biblia.
Nombre de parte o sección de la obra A. T.
-- Cantar de los cantares
9 (RLIN) 119254
650 14 - PUNTO DE ACCESO ADICIONAL DE MATERIA--TÉRMINO DE MATERIA
Término de materia o nombre geográfico como elemento de entrada Humanismo-
Subdivisión geográfica España.
9 (RLIN) 13503
700 1# - ENTRADA AGREGADA--NOMBRE PERSONAL
Nombre de persona Morocho Gayo, Gaspar.
9 (RLIN) 83631
710 2# - ENTRADA AGREGADA--NOMBRE DE ENTIDAD CORPORATIVA
Nombre de entidad corporativa o nombre de jurisdicción como elemento de entrada Universidad de León.
9 (RLIN) 7200
830 1# - PUNTO DE ACCESO ADICIONAL DE SERIE-TÍTULO UNIFORME
Título uniforme Humanistas españoles
9 (RLIN) 184216
852 ## - LOCALIZACIÓN
Ubicación ES-MaACL
Número de control de estantería G-4425-33
Holdings
Estatus retirado Estado de pérdida Estado de daño No para préstamo Biblioteca de origen Biblioteca actual Ubicación en estantería Fecha de adquisición Fuente de adquisición Total de préstamos Signatura topográfica completa Código de barras Visto por última vez Precio de reemplazo Tipo de ítem Koha
        Biblioteca del Ateneo de Madrid Biblioteca del Ateneo de Madrid Depósito 2 17/01/2008     G-4425-33 1119452 23/02/2023 23/02/2023 Libro impreso